| 000 | 00757nas a2200277 4500 | ||
|---|---|---|---|
| 001 | BR0701747 | ||
| 003 | BR-BrBNA | ||
| 005 | 20231205110712.0 | ||
| 007 | ta | ||
| 008 | 230509b bl.|||p| |||| 00| 00por d | ||
| 040 |
_aBR-BrBNA _bpor _cBiblioteca Nacional de Agricultura |
||
| 041 | _a(Pt) | ||
| 072 | _aE16 | ||
| 100 | 1 | _aNogueira, M.P. | |
| 245 | 1 | _aCompetição com a cana | |
| 650 | _aLEITE | ||
| 650 | _aCANA DE AÇÚCAR | ||
| 650 | _aTERRA | ||
| 650 | _aUSO DA TERRA | ||
| 650 | _aARRENDAMENTO RURAL | ||
| 650 | _aCUSTO DE PRODUÇÃO | ||
| 650 | _aPRODUÇÃO LEITEIRA | ||
| 773 | 0 |
_tAgroanalysis (Brazil) _xISSN 0100-4298 _g(Feb 2007), v. 27(2) p. 17-19 _wBR0701747 |
|
| 909 |
_a202311 _bLúcia _c55 _dLúcia Elande |
||
| 942 |
_2AGRIS _n0 _cANA |
||
| 999 |
_c188632 _d188632 |
||